| 000 | 01271nac a22002771u 4500 | ||
|---|---|---|---|
| 010 | _a 2003067190 | ||
| 020 | _a0765802503 (cloth : alk. paper) | ||
| 082 | 0 | 0 |
_a303.625 _bSHA |
| 090 |
_c6821 _d6821 |
||
| 100 | _aShai, Shaul. | ||
| 245 | 1 | 4 |
_aThe shahids : _bIslam and suicide attacks / _cShaul Shay ; with a foreword by Aharon Zeʾevi Farkash ; translated by Rachel Lieberman. |
| 260 |
_aNew Brunswick, N.J. : _bTransaction Publishers,c2004. _cc2004. |
||
| 300 |
_axiv, 246 p. ; _c24 cm. |
||
| 500 | _a"The Interdisciplinary Center, Herzliya. The International Policy Institute for Counter-Terrorism." | ||
| 500 | _aDistributer: Al-Ahram. | ||
| 504 | _aIncludes bibliographical references and index. | ||
| 511 | _aCatalogued By: Mahitab. | ||
| 650 | 0 | _aSuicide bombers. | |
| 650 | 0 | _aSuicide bombings. | |
| 650 | 0 |
_aTerrorism _xReligious aspects _xIslam. |
|
| 710 | 2 | _aInterdisciplinary Center (Hertseliyah, Israel) | |
| 710 | 2 | _aInternational Policy Institute for Counter-Terrorism (Israel) | |
| 856 | 4 | 1 |
_3Table of contents only _uhttp://www.loc.gov/catdir/toc/fy0711/2003067190.html |
| 942 |
_cBB _k303.625SHA |
||
| 999 |
_c6821 _d6821 |
||